| 000 | 01555cam a2200277 i 4500 | ||
|---|---|---|---|
| 999 |
_c6795 _d6795 |
||
| 001 | 263738 | ||
| 003 | OCoLC | ||
| 005 | 20210204101143.0 | ||
| 008 | 750819t19731970ilua b 000 0 eng | ||
| 010 | _a 74104830 | ||
| 020 |
_a0802416403 : _c$4.95 |
||
| 020 | _a9780802416407 | ||
| 035 |
_a(OCoLC)263738 _z(OCoLC)6234086 |
||
| 040 |
_aDLC _beng _cDLC _dBTCTA _dOCLCG _dHNW _dOCLCQ |
||
| 050 | 0 | 0 |
_aBS600.2 _bR514C |
| 082 | 0 | 0 |
_a220 _bR514c |
| 092 |
_a220.07 _bR5167 |
||
| 100 | 1 |
_aRichards, Larry, _d1931- |
|
| 245 | 1 | 0 |
_aCreative Bible teaching / _cLawrence O. Richards. |
| 260 |
_aChicago : _bMoody Press, _c1973, c1970. |
||
| 300 |
_a288 p. : _bill. ; _c24 cm. |
||
| 504 | _aIncludes bibliographical references (p. 286-288). | ||
| 505 | 0 | _aThe Bible we teach. This Bible ; Person to person ; Contemporary critique ; The nature of revelation ; Beyond information -- Teaching the Bible creatively. What is creative teaching? ; Visit to a creative class ; The pattern of creative Bible teaching ; Bridging the gaps ; Truth into life ; Motivating the learner ; Choosing and using curriculum -- Guidelines to creative teaching. The Bible and preschoolers ; Teaching in the nursery department ; Teaching in the beginner/kindergarten department -- Teaching children. The Bible and children ; Focusing attention ; Communicating content ; Guiding to insight ; Encouraging response -- Teaching youth and adults. Focusing attention ; Communicating content ; Guiding to insight ; Encouraging response. | |
| 630 | 0 | 0 |
_aBible _xStudy and teaching. |
| 942 |
_2ddc _cBK |
||